000 00781 a2200205 4500
005 2008090804584.0
008 080908t xxu||||| |||| 00| 0 eng d
010 _aENG-87693
020 _a8170588308
_c28.00
035 _aEN-71226
037 _bDBAD / PUB
082 _a181.499
100 _aRoy, Dinendra Kumar
245 _aWith Aurobindo in Baroda
_cby Dinendra Kumar Rao
260 _aPondicherry
_bSri Aurbindo Ashram
_c2006
270 _aSri Aurbindo Ashram, Publication Department
_bPondicherry
_e605002
300 _a66 p.
_c18 cm (Pbk.)
942 _adpl
_cEN
_k181.499/ROY
_2ddc
_h181.499
_mROY
999 _c6862
_d6862